000 00983cam a2200289 a 4500
001 000009675
005 20200929161651.0
008 980521s1997 mx a 001 0 spa
020 _z9686773444
020 _a9701807898
040 _aDO-SdBNP
_bspa
_cDLC
_dBNPHU
082 _aMe862.44
_bM539c
100 1 _aMendoza, Héctor,
_d1932-
_924573
245 1 4 _aLas cosas simples :
_blas entretelas del corazón ; Bolero /
_cHéctor Mendoza ; introducción Luis de Tavira.
246 3 _aCosas simples ; Las entretelas del corazón ; Bolero
260 _aMéxico :
_bEdiciones El Milagro :
_bConsejo Nacional para la Cultura y las Artes,
_c1997.
300 _a293 p. :
_bil. ;
_c21 cm.
490 1 _aTeatro
650 4 _aTeatro mexicano
_917662
650 4 _aLiteratura mexicana
_91922
700 1 _aTavira, Luis de
_eintr.
_924574
740 0 2 _aEntretelas del corazón.
740 0 2 _aBolero.
830 0 _aTeatro ;
_95617
910 _aCatalogación por copia / LC
049 _aBNGR
999 _c9435
_d9435